00553nam a22001697a 450000500170000001000150001702000270003203500140005903700130007308200160008610000150010224500880011726000450020527000660025030000230031650000440033920181024131509.0 aENG-124352 a97801990482177c675.00 aEN-107884 bDBAD/PUB a320.9540905 aZoya Hasan aAgitation to legislation:cby Zoya Hasanbnegotiating equity and justice in india / aNew DelhibOxford University Pressc2018 bNew Delhie110002a2/11 Ground Floor, Ansari Road, Daryaganj, axv,178pc21cm.(Hb) aIt includes index and about the authors